000 01014nam a2200301 a 4500
001 37027
003 BD-RjUL
005 20211209052553.0
008 141001s1993 enka b 001 0 eng
020 _a05214398503 (pbk.)
035 _a(BD-RjUL)37129
040 _aDLC
_cDLC
_dDLC
_dBD-RjUL
_beng
041 1 _aeng
_hger
082 0 0 _a576
_220
_bSHG 1993
100 1 _aSchlegel, Hans Günter,
_d1924-
_9113173
245 1 0 _aGeneral microbiology /
_cHans G. Schlegel ; assisted by C. Zaborosch ; translated by M. Kogut.
250 _a7th ed.
260 _aCambridge [England] ;
_aNew York, NY, USA :
_bCambridge University Press,
_c1993.
300 _axvii, 655 p. :
_bill. ;
_c19 cm.
500 _aTranslation of: Allgemeine Mikrobiologie.
504 _aIncludes bibliographical references (p. 598-606) and index.
650 0 _aMicrobiology.
_9113174
700 1 _aZaborosch, C.
_9113175
942 _2ddc
_cBK
999 _c37027
_d37027